000 00552nmm a2200169Ia 4500
008 251105s9999||||xx |||||||||||||||||und||
020 _a9788497429047
041 _aspa
100 _aRey, Fernando del
245 0 _aPaisanos en lucha : Exclusión política y violencia en la Segunda República española
264 _a[Madrid, España] :
_bBiblioteca Nueva,
_c2009
300 _a592 páginas
490 _aHistoria Biblioteca Nueva
650 _aHistory of Europe: Spain
856 _uhttps://public.digitaliapublishing.com/a/45903
942 _cCF
999 _c90438
_d90438